Statistics for Camouflaged Fruit

Click here to take the quiz!

General Stats

  • This quiz has been taken 51 times
  • The average score is 16 of 20

Answer Stats

HintFruit% Correct
Hearing rap every day will drive you madGrape
92%
Pass me the soap, please, so I can washApple
92%
It is a silly thing to ban a name - it's just a nameBanana
89%
At Napa, pay a fortune or you'll get bad winePapaya
89%
The song of the cuckoo rang eerily in the nightOrange
87%
The great tobacco con utterly ruined the townCoconut
87%
The Roman Gods watched in vain as man erredMango
87%
The presents we unwrap early in the morningPear
87%
The alligator raced after me, longing to eat meMelon
84%
There is tasty nectar in each of these flowersNectarine
84%
In the misty Oregon damp, lumberjacks singPlum
82%
As if by magic, her rye bread became sourdoughCherry
79%
I hate when people scrape a chair on the floorPeach
79%
At the sound of the church bell, I met my friendLime
74%
For this last round, we'll play double moneyLemon
71%
The mangy cur ran towards the small childCurrant
71%
We went out for brunch and ate eggs benedictDate
71%
When I go to the bank I will cash your chequeKiwi
66%
The phantom at Overlook Hotel is an evil spiritTomato
66%
The farm easily fulfilled its weekly cheese quotaLychee
58%

Score Distribution

Percentile by Number Answered

Percent of People with Each Score

Your Score History

You have not taken this quiz